Daňové výdavky - polemické, diskutabilné, na hrane alebo také, ktoré v zákone nenájdete

Pokračovanie seriálu o diskutabilných, polemických, a nie jednoznačných daňových výdavkov.

Enregistré dans:
Détails bibliographiques
Auteur principal: Burák, Emil
Format: Chapitre de livre
Langue:tchèque
Sujets:
Tags: Ajouter un tag
Pas de tags, Soyez le premier à ajouter un tag!

MARC

LEADER 00000naa a2200000 4500
001 0168243
005 20231207111919.8
041 0 |a cze 
044 |a SK 
245 1 0 |a Daňové výdavky - polemické, diskutabilné, na hrane alebo také, ktoré v zákone nenájdete  |c Emil Burák 
520 |a Pokračovanie seriálu o diskutabilných, polemických, a nie jednoznačných daňových výdavkov. 
610 2 0 |a Slovensko 
610 2 0 |a výdavky daňové 
610 2 0 |a legislatíva 
610 2 0 |a dane z príjmov 
610 2 0 |a lobizmus 
100 1 |a Burák, Emil